| Tag |
First Indicator |
Second Indicator |
Subfields |
| LEADER |
00000cam a2200000 a 4500 |
| 001 |
in00000010395 |
| 005 |
20151007051346.0 |
| 008 |
860711s1987 njub b 00110 eng |
| 010 |
|
|
|a 86042859
|
| 020 |
|
|
|a 069105486X :
|c $55.00
|
| 035 |
|
|
|a (OCoLC)13947170
|
| 035 |
|
|
|9 AAA2601AM
|
| 040 |
|
|
|a DLC
|c DLC
|d m/c
|d TXA
|d UtOrBLW
|
| 043 |
|
|
|a a-sy---
|a ma-----
|a e-fr---
|
| 049 |
|
|
|a TXAM
|c [A11030748]
|
| 050 |
0 |
0 |
|a DS98
|b .K46 1987
|
| 082 |
0 |
|
|a 946.08
|2 19
|
| 100 |
1 |
|
|a Khoury, Philip S.
|q (Philip Shukry),
|d 1949-
|
| 245 |
1 |
0 |
|a Syria and the French mandate :
|b the politics of Arab nationalism, 1920-1945 /
|c Philip S. Khoury.
|
| 264 |
|
1 |
|a Princeton, N.J. :
|b Princeton University Press,
|c [1987]
|
| 264 |
|
4 |
|c ©1987
|
| 300 |
|
|
|a xix, 698 pages :
|b map ;
|c 24 cm.
|
| 336 |
|
|
|a text
|b txt
|2 rdacontent
|
| 337 |
|
|
|a unmediated
|b n
|2 rdamedia
|
| 338 |
|
|
|a volume
|b nc
|2 rdacarrier
|
| 490 |
1 |
|
|a Princeton studies on the Near East
|
| 504 |
|
|
|a Bibliography: pages [639]-672.
|
| 500 |
|
|
|a Includes index.
|
| 651 |
|
0 |
|a Syria
|x History
|y 20th century.
|
| 650 |
|
0 |
|a Nationalism
|z Syria
|x History.
|
| 650 |
|
0 |
|a Nationalism
|z Arab countries
|x History.
|
| 830 |
|
0 |
|a Princeton studies on the Near East.
|
| 999 |
|
|
|a MARS
|
| 999 |
f |
f |
|s 63e31d52-99f4-3f15-8491-8a735ffa6029
|i 32aacdf6-4abc-334c-9472-8dd6c4b64fe3
|t 0
|
| 952 |
f |
f |
|p normal
|a Texas A&M University
|b College Station
|c Sterling C. Evans Library
|d Evans: Library Stacks
|t 0
|e DS98 .K46 1987
|h Library of Congress classification
|i unmediated -- volume
|m A14811030748
|
| 998 |
f |
f |
|a DS98 .K46 1987
|t 0
|l Evans: Library Stacks
|